000 00704nam a2200229Ia 4500
003 GCL
008 140319s9999 xx 000 0 ara d
040 _aGCL /
_cGCL
082 0 4 _a539.72
_bم ك
100 1 _aممدوح كامل الموصلى
245 1 0 _aالكون فى الدقائق الثلاث الاولى /
_cممدوح كامل الموصلى
260 _a[S.N] :
_bالغد ،
_c1985
300 _a159 ص
490 _aكتاب الغد
_v0
650 0 4 _aالفيزياء
650 0 4 _aالفلك الطبيعى
650 0 4 _aالكون
650 0 4 _aالفيزياء الكونية
650 0 4 _aالكون، وصف
650 0 4 _aالاشعة الكونية
942 _2ddc
_cBK
999 _c53421
_d53421